000 00457cam a22001337a 4500
008 180718b xxu||||| |||| 00| 0 eng d
082 _a011084x54 In2
100 _aPandse, C.S.
245 _aThe utilisation aspects of medical research in the non-government sector
_cby C.S. Pandse
260 _aNew Delhi
_bIndian Institute of Public Administration
_c
300 _a48p.
650 _aMedical costs - India
700 _aIndian Institute of Public Administration
999 _c502125
_d502125